| 000 | 01231cam a2200349 4500 | ||
|---|---|---|---|
| 999 |
_c529322 _d529322 |
||
| 001 | 1725282 | ||
| 003 | NUST | ||
| 005 | 20190924123145.0 | ||
| 008 | 730911s1973 dcua b 000 0 eng | ||
| 010 | _a 73083749 | ||
| 020 | _a0309021316 | ||
| 038 | _aMSOHAIL | ||
| 040 |
_aDLC _cDLC _dDLC |
||
| 050 | 0 | 0 |
_aTE153 _b.N3582 1973 |
| 082 | 0 | 0 |
_a625.77 _bERO |
| 110 | 2 |
_aNational Research Council (U.S.). _bHighway Research Board. _920721 |
|
| 245 | 1 | 0 | _aErosion control on highway construction. |
| 260 |
_a[Washington] _c1973. |
||
| 300 |
_a52 p. _billus. _c28 cm. |
||
| 350 | _a$4.00 | ||
| 440 | 0 |
_aSynthesis of highway practice ; _v18 _921190 |
|
| 500 | _a"Project 20-5 FY '72." | ||
| 500 | _a"Research sponsored by the American Association of State Highway Officials in cooperation with the Federal Highway Administration." | ||
| 504 | _aBibliography: p. 30-32. | ||
| 650 | 0 |
_aRoads _xDesign and construction. _919562 |
|
| 650 | 0 |
_aSoil erosion. _921191 |
|
| 650 | 0 |
_aRoadside improvement. _921192 |
|
| 710 | 2 |
_aAmerican Association of State Highway Officials. _919665 |
|
| 710 | 1 |
_aUnited States. _bFederal Highway Administration. _920149 |
|
| 906 |
_a7 _bcbc _corignew _d2 _eopcn _f19 _gy-gencatlg |
||
| 942 |
_2ddc _cBK |
||